Designing and developing training programs: pfeiffer essential guides to training basics (Record no. 63457)
[ view plain ]
| 000 -LEADER | |
|---|---|
| fixed length control field | 01266nam a2200217 a 4500 |
| 008 - FIXED-LENGTH DATA ELEMENTS--GENERAL INFORMATION | |
| fixed length control field | 120214s2010 ||||||||||||||||| || u |
| 020 ## - INTERNATIONAL STANDARD BOOK NUMBER | |
| International Standard Book Number | 9780470404690 |
| 050 ## - LIBRARY OF CONGRESS CALL NUMBER | |
| Classification number | HF 5549.5.T7 Cha |
| 100 ## - MAIN ENTRY--PERSONAL NAME | |
| Personal name | Chan, Janis Fisher |
| 245 10 - TITLE STATEMENT | |
| Title | Designing and developing training programs: pfeiffer essential guides to training basics |
| Statement of responsibility, etc. | by Janis Fisher Chan |
| 260 ## - PUBLICATION, DISTRIBUTION, ETC. | |
| Place of publication, distribution, etc. | San Francisco: |
| Name of publisher, distributor, etc. | John Wiley and Sons |
| Date of publication, distribution, etc. | 2010 |
| 300 ## - PHYSICAL DESCRIPTION | |
| Extent | xiv, 290p.: ill. |
| 350 ## - | |
| -- | 0.00 |
| 650 ## - SUBJECT ADDED ENTRY--TOPICAL TERM | |
| Topical term or geographic name entry element | TRAINING--HANDBOOKKS, MANUALS, ETC |
| 650 ## - SUBJECT ADDED ENTRY--TOPICAL TERM | |
| Topical term or geographic name entry element | EMPLOYEES--TRAINING OF |
| 650 ## - SUBJECT ADDED ENTRY--TOPICAL TERM | |
| Topical term or geographic name entry element | EMPLOYEE TRAINING PERSONNEL |
| 995 ## - | |
| -- | MAIN LIBRARY OPEN ACCESS |
| -- | 742860 |
| -- | CBU-MAIN LIBRARY (Kitwe) |
| -- | 0.00 |
| -- | HF 5549.5.T7 Cha |
| -- | 1 |
| -- | AVAILABLE |
| -- | Jun 22, 2012 |
| -- | 742860 |
| -- | Main Library Open Access Collection |
| 995 ## - | |
| -- | ANNEX COLLECTION (Main Library) |
| -- | 744508 |
| -- | CBU-MAIN LIBRARY (Kitwe) |
| -- | 0.00 |
| -- | HF 5549.5.T7 Cha |
| -- | 4 |
| -- | AVAILABLE |
| -- | Sep 13, 2013 |
| -- | 744508 |
| -- | Annex Low-Usage Collection |
| 995 ## - | |
| -- | ANNEX COLLECTION (Main Library) |
| -- | 744506 |
| -- | CBU-MAIN LIBRARY (Kitwe) |
| -- | 0.00 |
| -- | HF 5549.5.T7 Cha |
| -- | 2 |
| -- | AVAILABLE |
| -- | Sep 13, 2013 |
| -- | 744506 |
| -- | Annex Low-Usage Collection |
| 995 ## - | |
| -- | MAIN LIBRARY OPEN ACCESS |
| -- | 744507 |
| -- | CBU-MAIN LIBRARY (Kitwe) |
| -- | 0.00 |
| -- | HF 5549.5.T7 Cha |
| -- | 3 |
| -- | AVAILABLE |
| -- | Sep 13, 2013 |
| -- | 744507 |
| -- | Main Library Open Access Collection |
| 999 ## - | |
| -- | 63457 |
| -- | 63457 |
| Withdrawn status | Lost status | Source of classification or shelving scheme | Damaged status | Not for loan | Permanent Location | Current Location | Shelving location | Date acquired | Total Checkouts | Full call number | Barcode | Date last seen | Price effective from | Koha item type |
|---|---|---|---|---|---|---|---|---|---|---|---|---|---|---|
| CBU-MAIN LIBRARY, KITWE. | CBU-MAIN LIBRARY, KITWE. | 12/24/2022 | HF 5549.5.T7 Cha | 742860 | 12/24/2022 | 12/24/2022 | MONOGRAPH | |||||||
| CBU-MAIN LIBRARY, KITWE. | CBU-MAIN LIBRARY, KITWE. | 12/24/2022 | HF 5549.5.T7 Cha | 744508 | 12/24/2022 | 12/24/2022 | MONOGRAPH | |||||||
| CBU-MAIN LIBRARY, KITWE. | CBU-MAIN LIBRARY, KITWE. | 12/24/2022 | HF 5549.5.T7 Cha | 744506 | 12/24/2022 | 12/24/2022 | MONOGRAPH | |||||||
| CBU-MAIN LIBRARY, KITWE. | CBU-MAIN LIBRARY, KITWE. | 12/24/2022 | HF 5549.5.T7 Cha | 744507 | 12/24/2022 | 12/24/2022 | MONOGRAPH |